Process systems analysis and control (Record no. 13575)

000 -LEADER
fixed length control field 00578nam a22002051 4500
001 - CONTROL NUMBER
control field 13575
003 - CONTROL NUMBER IDENTIFIER
control field BD-DhUET
008 - FIXED-LENGTH DATA ELEMENTS--GENERAL INFORMATION
fixed length control field 730306s1965 nyua b 000 0 eng
040 ## - CATALOGING SOURCE
Original cataloging agency DLC
Transcribing agency DLC
Modifying agency BD-DhUET
082 ## - DEWEY DECIMAL CLASSIFICATION NUMBER
Classification number 660.284
Item number COU/1965
100 1# - MAIN ENTRY--PERSONAL NAME
Personal name Coughanowr, Donald R.
245 10 - TITLE STATEMENT
Title Process systems analysis and control
250 ## - EDITION STATEMENT
Edition statement 1st ed.
260 ## - PUBLICATION, DISTRIBUTION, ETC. (IMPRINT)
Place of publication, distribution, etc. New York
Name of publisher, distributor, etc. McGraw-Hill
Date of publication, distribution, etc. 1965
300 ## - PHYSICAL DESCRIPTION
Extent xii, 491 p.
Other physical details ill.
Dimensions 21 cm.
490 ## - SERIES STATEMENT
Series statement McGraw-Hill chemical engineering series
650 #0 - SUBJECT ADDED ENTRY--TOPICAL TERM
Topical term or geographic name as entry element Control devices process engineering
700 ## - ADDED ENTRY--PERSONAL NAME
Personal name Koppel, Lowell B.
942 ## - ADDED ENTRY ELEMENTS (KOHA)
Koha item type General Book
Holdings
Koha date last seen Location (home branch) Sublocation or collection (holding branch) Koha item type Shelving location Not for loan Koha issues (times borrowed) Koha full call number Koha normalized classification for sorting Date acquired Piece designation (barcode) Damaged status Withdrawn status Source of classification or shelving scheme Copy number Price effective from Koha date last borrowed Lost status
2015-03-03Central Library, BUETCentral Library, BUETGeneral BookCirculation section  660.284/COU/1965660_284000000000000_COU_19652015-03-0329699   12015-03-03  
2017-05-09Central Library, BUETCentral Library, BUETGeneral BookCirculation section 1660.284/COU/1965660_284000000000000_COU_19652015-03-0329689   22015-03-032017-05-09 
2015-03-03Central Library, BUETCentral Library, BUETGeneral BookCirculation section  660.284/COU/1965660_284000000000000_COU_19652015-03-0329697   32015-03-03  
2015-03-03Central Library, BUETCentral Library, BUETGeneral BookCirculation section  660.284/COU/1965660_284000000000000_COU_19652015-03-0329692   42015-03-03  
2015-03-03Central Library, BUETCentral Library, BUETGeneral BookCirculation section  660.284/COU/1965660_284000000000000_COU_19652015-03-0329698   52015-03-03  
2015-03-03Central Library, BUETCentral Library, BUETGeneral BookCirculation section  660.284/COU/1965660_284000000000000_COU_19652015-03-0329690   62015-03-03  
2015-03-03Central Library, BUETCentral Library, BUETGeneral BookCataloging to Circulation  660.284/COU/1965660_284000000000000_COU_19652015-03-0329688   72015-03-03  
2015-03-04Central Library, BUETCentral Library, BUETGeneral BookCirculation section  660.284/COU/1965660_284000000000000_COU_19652015-03-0434519   82015-03-04  
2015-05-11Central Library, BUETCentral Library, BUETGeneral BookCirculation section  660.284/COU/1965660_284000000000000_COU_19652015-05-1129694   92015-05-11  
2015-05-11Central Library, BUETCentral Library, BUETGeneral BookCirculation section  660.284/COU/1965660_284000000000000_COU_19652015-05-1129696   102015-05-11  
2015-05-13Central Library, BUETCentral Library, BUETGeneral BookCirculation section  660.284/COU/1965660_284000000000000_COU_19652015-05-1329695   112015-05-13  
2015-05-14Central Library, BUETCentral Library, BUETGeneral BookCirculation section  660.284/COU/1965660_284000000000000_COU_19652015-05-1417869   122015-05-14  
2015-05-18Central Library, BUETCentral Library, BUETGeneral BookCirculation section  660.284/COU/1965660_284000000000000_COU_19652015-05-1815822   132015-05-18  
2015-06-20Central Library, BUETCentral Library, BUETGeneral BookReading section  660.284/COU/1965660_284000000000000_COU_19652015-06-2029700   142015-06-20  
2015-06-20Central Library, BUETCentral Library, BUETGeneral BookReading section  660.284/COU/1965660_284000000000000_COU_19652015-06-2029701   152015-06-20  
2015-07-10Central Library, BUETCentral Library, BUETGeneral BookCirculation section  660.284/COU/1965660_284000000000000_COU_19652015-07-1016716   162015-07-10